| 000 | 01177nam a22002897i 4500 | ||
|---|---|---|---|
| 003 | URS | ||
| 005 | 20240412231314.0 | ||
| 008 | 180108b xxu||||| |||| 00| 0 eng d | ||
| 050 | 1 | 4 |
_aLB 3013.34.P6 _bC969 2012 |
| 100 | 1 |
_aCustodio, Rhomalene S, _eauthor |
|
| 245 | 1 | 0 |
_aTendencies on aggression among Grade 7 students of Laboratory High School of University of Rizal System - Tanay / _cRhomalene S. Custodio, Erick S. Salazar, Rufilo N. Ty. |
| 260 | 1 | _c2012. | |
| 300 |
_axxi, 93 leaves ; _billustrations : _c28 cm |
||
| 336 |
_2rdacontent _atext |
||
| 336 |
_2rdacontent _astill image |
||
| 337 |
_2rdamedia _aunmediated |
||
| 338 |
_2rdacarrier _avolume |
||
| 502 |
_aThesis _bBachelor of Science in Psychology _cUniversity of Rizal System _d2012 |
||
| 504 | _aIncludes bibliographical references. | ||
| 610 | 2 | 4 |
_aUniversity of Rizal System _xStudents |
| 650 | 0 |
_aBullying in schools _zPhilippines _zTanay (Rizal) |
|
| 700 | 1 |
_aSalazar, Erick S. _eauthor |
|
| 700 | 1 |
_aTy, Rufilo N. _eauthor |
|
| 700 | 1 |
_aHabulan, Belinda Lourdes M. _edegree supervisor |
|
| 856 |
_3Online Request for Student Unpublished Works _uhttps://forms.gle/7LqvGGkaDrUQqz429 |
||
| 942 |
_2lcc _cT |
||
| 999 |
_c73142 _d73141 |
||